000 00208 a2200109 4500
020 _a9789681855857
041 _aspa
100 _aJanice VanCleave
245 _aFeria de Ciencia
942 _cBK
952 _71
999 _c22363
_d22363